000 00470nam a2200169Ia 4500
003 LK-CoDNM
008 010623t1939 xxu||||| |||| 00| 1 eng d
040 _aLK-CoDNM
_dLK-CoDNM
_eLK-CoDNM
041 _aeng
080 _a9 G 7
100 _aAhmad,Shamsuddin.
245 _aCatalogue of Coins in the Indian Museum,Calcutta
260 _bManager of Publication
_aDelhi
_c1939
300 _biv,152p,5Pl., 24 cm
500 _aArchaeological Survey of Ceylon
942 _cBK
999 _c99207
_d99207